Water Measurement Manual (Record no. 330)
[ view plain ]
| 000 -LEADER | |
|---|---|
| fixed length control field | 00292nam a22001337a 4500 |
| 020 ## - INTERNATIONAL STANDARD BOOK NUMBER | |
| International Standard Book Number | 81-7233-189-8 |
| 041 ## - LANGUAGE CODE | |
| Language code of text/sound track or separate title | ENG |
| 245 ## - TITLE STATEMENT | |
| Title | Water Measurement Manual |
| 250 ## - EDITION STATEMENT | |
| Edition statement | Third |
| 260 ## - PUBLICATION, DISTRIBUTION, ETC. (IMPRINT) | |
| Place of publication, distribution, etc | Jodhpur |
| Name of publisher, distributor, etc | A water Resources PUB |
| Date of publication, distribution, etc | 1997 |
| 300 ## - PHYSICAL DESCRIPTION | |
| Extent | 14-40 |
| 650 ## - SUBJECT ADDED ENTRY--TOPICAL TERM | |
| Topical term or geographic name as entry element | IDE |
| 856 ## - ELECTRONIC LOCATION AND ACCESS | |
| Uniform Resource Identifier | IDE ( 05 ) |
| Withdrawn status | Lost status | Source of classification or shelving scheme | Damaged status | Not for loan | Home library | Current library | Shelving location | Date acquired | Total Checkouts | Barcode | Date last seen | Price effective from | Koha item type | Cost, normal purchase price | Date checked out |
|---|---|---|---|---|---|---|---|---|---|---|---|---|---|---|---|
| Dewey Decimal Classification | College of Agricultural Engineering and Technology, Dapoli , Library | College of Agricultural Engineering and Technology, Dapoli , Library | Book Cart | 24/08/2021 | 000100 | 24/08/2021 | 24/08/2021 | Books | |||||||
| Dewey Decimal Classification | College of Agricultural Engineering and Technology, Dapoli , Library | College of Agricultural Engineering and Technology, Dapoli , Library | Book Cart | 24/09/2021 | 1 | 003595 | 30/06/2023 | 24/09/2021 | Books | 800.00 | 30/06/2023 |